Doctrina Procesal Penal 2014

Guardat en:
Dades bibliogràfiques
Autor corporatiu: Defensoría Penal Pública (Autor)
Format: Llibre
Idioma:espanyol
Publicat: Santiago Centro de Documentación Defensoría Penal Pública 2015
Edició:1a. ed
Col·lecció:Informes de Derecho, 16
Matèries:
Etiquetes: Afegir etiqueta
Sense etiquetes, Sigues el primer a etiquetar aquest registre!

MARC

LEADER 00000cam a2200000 a 4500
001 UCD1590
003 CL-VaPUC
008 160316e20150000cl |||||||||||||||||spa|d
020 |a 9789568349042o.c 
020 |a 9789568349431v.16 
082 0 4 |a 345.8305  |b DEF  |2 21 
110 2 |a Defensoría Penal Pública  |e author  |9 584699 
245 1 0 |a Doctrina Procesal Penal 2014 
250 |a 1a. ed 
300 |a 182 p 
942 |c BK 
945 |d 20160316 17:23:00  |a dcastane 
260 |a Santiago  |b Centro de Documentación Defensoría Penal Pública  |c 2015 
650 0 |a Derecho procesal  |z Chile  |9 454338 
650 7 |a DERECHO PENAL CHILENO  |2 CL-VaPUC  |9 584700 
650 0 |a Reforma procesal penal   |9 471095 
583 |a last modification  |c 20161215 05:30:59  |k Rodrigo Vera 
490 0 |a Informes de Derecho, 16 
999 |c 362864  |d 362862 
952 |0 0  |1 0  |3 erb  |4 0  |6 345_830500000000000_DEF_2015  |7 0  |8 A  |9 474407  |a BIBDER  |b BIBDER  |i 5267382  |o 345.8305 DEF 2015  |p 5267382  |r 2023-01-25  |w 2019-11-24  |y BK  |z Catalogado en:20160316  |k DER